• 首页
  • 本馆介绍
  • 公告通知
  • 最新文献
  • 馆藏检索
  • 电子资源
  • 读者导购
  • 参考咨询
  • 我的图书馆
  • 登录
  • 详细信息显示
  • 放入我的书架
  • 预约/预借图书
  • 作者相关作品
  • 分类相关作品
  • 丛书相关作品
  • 出版社相关作品

书目信息

  • 表格格式
  • 工作单格式
  • 卡片格式
题名:
保健(功能)食品169问
    
 
作者: 金银 主编
分册:  
出版信息: 长春   吉林人民出版社  2005
页数: 272页
开本: 20cm
丛书名: 《卫生防疫》丛书
单 册:
中图分类: TS218
科图分类:
主题词: 疗效食品--基本知识 , 疗效食品
电子资源:
ISBN: 7-206-02479-3
000 00863oam2 2200277 45
001 0120066000971
005 20070109094100.75
010    @a7-206-02479-3@dCNY18.80
092    @aCN@b475170
100    @a20060116d2005 em y0chiy0120 ea
101 0  @achi
102    @aCN@b110000
105    @ay z 000yy
200 1  @a保健(功能)食品169问@9bao jian( gong neng) shi pin 169 wen@f金银[等]主编
205    @a2版
210    @a长春@c吉林人民出版社@d2005
215    @a272页@d20cm
225 2  @a《卫生防疫》丛书@v4
330    @a本书就有关键(功能)食品问题,同保健食品相关的几类食品问题,现有保健食品的功能问题,如何正确选购识别保健食品问题。
461  0 @12001 @a《卫生防疫》丛书
606 0  @a疗效食品@x基本知识
606 0  @a疗效食品
690    @aTS218@v4
701  0 @a金银@9jin yin@4主编
801  0 @aCN@bLZJBOOK@c20070109
905    @a10447@dTS218@e55=2
    
    保健(功能)食品169问/金银[等]主编.-2版.-长春:吉林人民出版社,2005
    272页;20cm.-(《卫生防疫》丛书;4)
    
    
    ISBN 7-206-02479-3:CNY18.80
    本书就有关键(功能)食品问题,同保健食品相关的几类食品问题,现有保健食品的功能问题,如何正确选购识别保健食品问题。
●
相关链接 在E读中查询图书 在五车中查询图书 在当当中查询图书 在豆瓣中查询图书


正题名:保健(功能)食品169问     索取号:TS218/55=2         预约/预借

序号 登录号 条形码 馆藏地/架位号 状态 备注
1 0562770   205627703   第二样本阅览室/ [索取号:TS218/55=2] 在馆    
2 0562771   205627712   第三借阅区/ [索取号:TS218/55=2] 在馆    
3 0562772   205627721   第三借阅区/ [索取号:TS218/55=2] 在馆    
4 0562773   205627730   第三借阅区/ [索取号:TS218/55=2] 在馆    
5 0562774   205627749   第三借阅区/ [索取号:TS218/55=2] 在馆    
6 0562775   205627758   第三借阅区/ [索取号:TS218/55=2] 在馆    
7 0562776   205627767   第三借阅区/ [索取号:TS218/55=2] 在馆    
8 0562777   205627776   第三借阅区/ [索取号:TS218/55=2] 在馆    
唐山师范学院图书馆 欢迎您!
大连网信软件有限公司© 版权所有